| 000 | 00836nam a2200265 a 4500 | ||
|---|---|---|---|
| 001 | 5978 | ||
| 003 | BD-RjUL | ||
| 005 | 20211208234149.0 | ||
| 008 | 140108s1975 maua b 001 0 eng | ||
| 020 | _a0669001260 | ||
| 035 | _a(BD-RjUL)6017 | ||
| 040 |
_aLC _beng _cLC _dABN:1 _dBD-RjUL |
||
| 041 | _aeng | ||
| 082 | 0 | 4 |
_a352.1 _bSTL 1975 |
| 100 | 1 |
_aSteiss, Alan Walter. _918797 |
|
| 245 | 1 | 0 |
_aLocal government finance : _bcapital facilities planning and debt administration / _cby Alan Walter Steiss. |
| 260 |
_aLexington, Mass. : _bLexington Books, _c1975. |
||
| 300 |
_axii, 300 p. : _bill. ; _c24 cm. |
||
| 504 | _aIncludes bibliographical references and indexes. | ||
| 650 | 0 |
_aCapital budget. _918798 |
|
| 650 | 0 |
_aMunicipal budgets. _918799 |
|
| 650 | 0 |
_aMunicipal bonds. _918800 |
|
| 942 |
_2ddc _cBK |
||
| 999 |
_c5978 _d5978 |
||